University Home | Library Home | Institutional Repository

Research 1995 r: (Record no. 102036)

MARC details
000 -LEADER
fixed length control field 00511cam0a220014500 4500
005 - DATE AND TIME OF LATEST TRANSACTION
control field 20190819102204.0
008 - FIXED-LENGTH DATA ELEMENTS--GENERAL INFORMATION
fixed length control field 960806
035 ## - SYSTEM CONTROL NUMBER
System control number (Sirsi) a150246
050 #0 - LIBRARY OF CONGRESS CALL NUMBER
Classification number T 56.42 Res 1995
245 10 - TITLE STATEMENT
Title Research 1995 r:
Remainder of title Reports of the institutes and laboratories 2 ; Engineering sciences/
Statement of responsibility, etc. edited by the Board of the ETH Zurich. --
260 ## - PUBLICATION, DISTRIBUTION, ETC.
Place of publication, distribution, etc. Zurich :
Name of publisher, distributor, etc. ETH Swiss Federal Institute of Technology,
Date of publication, distribution, etc. 1995.
350 ## - PRICE (NR) (BK AM CF MU VM SE) [OBSOLETE]
Price 25
650 #0 - SUBJECT ADDED ENTRY--TOPICAL TERM
Topical term or geographic name entry element Research
Linkage S4833.1
700 00 - ADDED ENTRY--PERSONAL NAME
Personal name ETH
Linkage A103114.1

No items available.

© 2026 - The University of Zambia Library - Koha v25.11